| 000 -LEADER |
| fixed length control field |
00786pab a2200169 454500 |
| 008 - FIXED-LENGTH DATA ELEMENTS--GENERAL INFORMATION |
| fixed length control field |
180718b2000 xxu||||| |||| 00| 0 eng d |
| 100 ## - MAIN ENTRY--PERSONAL NAME |
| Personal name |
Dasgupta, Dipankar et al. |
| 245 ## - TITLE STATEMENT |
| Title |
Growth and interstate disparities in India |
| 260 ## - PUBLICATION, DISTRIBUTION, ETC. |
| Date of publication, distribution, etc. |
2000 |
| 300 ## - PHYSICAL DESCRIPTION |
| Extent |
p.2413-422 |
| 362 ## - DATES OF PUBLICATION AND/OR SEQUENTIAL DESIGNATION |
| Dates of publication and/or sequential designation |
1 Jul |
| 520 ## - SUMMARY, ETC. |
| Summary, etc. |
This paper offers analytical description of the economic performance of Indian states as reflected in their per capita (net) state domestic product. Statistical analysis of data for the period 1960-61 to 1995-96 shows a clear tendency for Indian states to diverge in per capita SDP, but converge in shares of different sectors in the SDP. - Reproduced |
| 650 ## - SUBJECT ADDED ENTRY--TOPICAL TERM |
| Topical term or geographic name entry element |
Economic growth - India |
| 650 ## - SUBJECT ADDED ENTRY--TOPICAL TERM |
| Topical term or geographic name entry element |
Economic growth |
| 773 ## - HOST ITEM ENTRY |
| Main entry heading |
Economic and Political Weekly |
| 909 ## - |
| -- |
45430 |